000 005230000a22001690004500
041 0 _aSPA
082 0 4 _aG 266.0092 B2611c
100 1 _aBarnes, Vera F. de
245 1 0 _aCruzando las fronteras : Una biografía del Dr. Alberto Benjamín Simpson, fundador de la Alianza Cristiana y Misionera / Vera F. de Barnes
260 _aTemuco, Chile : Alianza
300 _a183 Pag
001 7453
942 _cBK
999 _c37666
_d37666
336 _atexto
_btxt
_2rdacontent
337 _2rdamedia
_asin mediación
_bn
338 _2rdacarrier
_avolumen
_bnc